| 000 | 00514nam a2200205 a 4500 | ||
|---|---|---|---|
| 001 | 14561 | ||
| 003 | CO-ViMGA | ||
| 008 | 141112s2004 ck r 000 u spa d | ||
| 020 | _a95804324x | ||
| 040 |
_aCO-ViMGA _bspa _cCO-ViMGA |
||
| 082 | 0 | 4 | _a641.3 M656 |
| 100 | 1 |
_aMoloney, Kathleen _921289 |
|
| 245 | 1 | 0 | _aCómo alimentar a sus Hijos |
| 260 |
_aBarcelona : _bNorma, _c1989 |
||
| 300 | _a177 | ||
| 650 | 1 | 4 |
_aALIMENTOS _915803 |
| 650 | 1 | 4 | _aNUTRICION |
| 650 | 1 | 4 |
_aNUTRICION INFANTIL _950105 |
| 942 |
_2ddc _cBK |
||
| 999 |
_c25149 _d25149 |
||